| 000 | 00584nam a2200193 a 4500 | ||
|---|---|---|---|
| 001 | 000027487 | ||
| 005 | 20200930030853.0 | ||
| 008 | 110401s19uu cl bc 000 0 fre d | ||
| 020 | _a9945060015 | ||
| 040 |
_aDO-SdBNP _bspa _cBNPHU |
||
| 041 | 1 | 7 |
_afre _2ger |
| 082 |
_axxxx _bS181r |
||
| 245 | 0 | 0 |
_aSalutations de République Dominicaine = Grübe aus der Dominikanischen Republik / _cJack Astacio. |
| 260 |
_aColombia : _bKaribu Comercial, _c[19--?]. |
||
| 300 |
_a[96 p.] : _bmap., retrs. ; _c28 cm. |
||
| 490 | 1 | _aPhotographies | |
| 830 | 0 |
_aPhotographies _954567 |
|
| 049 | _aBNPD | ||
| 999 |
_c26979 _d26979 |
||